000 00319nam a22001337a 4500
008 190311b xxu||||| |||| 00| 0 eng d
020 _a9780558099435
041 _aeng
080 _a070
100 _a40
101 _aMK
245 _aCommunicating a social, career, and cultural focus
_cBerko,R.M
942 _2udc
_cBK
999 _c54661
_d54661